Statistiken für Kolonien als heutige Länder #1

Klicken Sie hier um das Quiz zu spielen!

Allgemein

  • Dieses Quiz wurde 114 mal gespielt
  • Das Durchschnittsergebnis liegt bei 6 aus 8

Antwortstatistiken

HintAntwort% Korrekt
Deutsches ReichNamibia
85%
FrankreichAlgerien
76%
BelgienDemokratische Republik Kongo
70%
NiederlandeIndonesien
70%
SpanienÄquatorialguinea
67%
ItalienLibyen
66%
PortugalMosambik
63%
Vereinigtes KönigreichÄgypten
62%

Verteilung der Resultate

Perzentil nach korrekt beantworteten Fragen

Anzahl Personen mit jedem Resultat

Ihre Resultats-Entwicklung

Sie haben dieses Quiz noch nicht gespielt